Quizzes
Events
Quiz Creation
Community
Videos
Private Events
Remove Ads
Sign In
Join for FREE
Feedback
Dark Mode
Quiz Categories
Sports
Geography
Music
Movies
Television
Just For Fun
Miscellaneous
History
Literature
Language
Science
Gaming
Entertainment
Religion
Holiday
For Kids
Quiz Lab
Recent
Popular Today
Quiz Kudos Today
Editor Picks
Curator Picks
Quizzes by...
Day
Popularity
Type
Ratings
Length
Year
Community
Subscriptions
Recent Discussions
Orange Saloon
Badges
Playlists
Quests
Create
Leaderboards
Showdown
Live 5
Trivia Bingo
Activity
Puzzle Library
Sporcle Events
Private Events
Virtual Trivia
Globe League
Become a Host
Pub Owners
SporcleCon
Opinionation
Our Games
Videos
Blog
Mobile Apps
Partnerships
Remove Ads and Go Orange
Feedback
Just For Fun
Clickable
Get the Picture
Humor
Quick Pick
Word Ladder
Missing Word
Mixed Word
Blitz
Minefield
This or That
Alphabet
Color
Typing
Sporcle
Puzzle
Word Play
Follow That Line
Logic
Just For Fun
Clickable
Get the Picture
Humor
Quick Pick
Word Ladder
Missing Word
Mixed Word
Blitz
Minefield
This or That
Alphabet
Color
Typing
Sporcle
Puzzle
Word Play
Follow That Line
Logic
Random Quiz
Search Sporcle
×
Quiz Lab
Quiz Lab
Just For Fun
captain
Type in answers that appear in a list
Type in answers that appear in a list
Classic
Best Score? Go Orange.
Characters in Captain Underpants Stats
Can you name the Characters in Captain Underpants?
By
Shocky
15m
33 Questions
268 Plays
268 Plays
268 Plays
Comments
Comments
Give Quiz Kudos
Give Quiz Kudos
-
- Ratings
hide this ad
Replay
Link that replays current quiz
Next Quiz
Link to next quiz in quiz playlist
You Got
0%
They Got
Avg Score
27%
Avg Friend Score
Upgrade to see
Score Distribution
Jump to the score distribution portion of the page
Score
0/33
Timer
15:00
0
Plays Today
Character
% Correct
George Beard
81.6%
Captain Underpants
80.9%
Mr Krupp
79%
Harold Hutchins
77.9%
Melvin Sneedly
50.2%
Professor Poopypants
44.9%
Ms Ribble
35.2%
Mr Meaner
34.1%
Sulu
31.5%
Crackers
31.5%
Dr Diaper
30%
Wedgie Woman
29.2%
The turbo toilet 2000
25.8%
Jennifer
24.3%
Klax
21.7%
Zorx
20.6%
Miss Anthrope
19.9%
Character
% Correct
Captain Blunderpants
18.7%
Evil Harold
18.7%
Evil George
18.4%
Mr Fyde
18%
The Bionic Booger Boy
17.2%
The Talking Toilets
16.5%
Mr Rected
12.4%
Boxer Boy
9.4%
The Robo Boogers
9%
Great Granny Girdle
8.2%
The Dandelion of Doom
7.5%
.The Lunch Ladies
6.4%
Dr Diaper's Robots
6%
Ms Guided
5.6%
Robo George and Harold
5.2%
The lunchroom Zombie Nerds
4.9%
Quiz Playlist
Details
Report
Send in Message
Add To Playlist
Classic:
Type in answers that appear in a list
Last Updated: Feb 16, 2017
Quiz Scoreboard
CHALLENGE
Sign Up to Join the Scoreboard
Show All
Scores
Hide
Comments
May contain spoilers
Recently Published
9x9 Crossword: Cartoon Network
by jackfrog10
Miscellaneous
3m
College Basketball Coaching Resumes
by pancakes188
Sports
9m
Billboard Blitz: Fleetwood Mac
by CooCooCachoo
Music
15s
More to Explore
Quiz From the Vault
Featured Blog Post
Where Did the Easter Bunny Come From?
hide this ad
You Might Also Like...
Tags
captain
Captain Underpants
Character
Underpan
Today's Top Quizzes in Just For Fun
Browse Just For Fun
hide this ad
Today's Top Quizzes in captain
Browse captain
Top Contributed Quizzes in Just For Fun
1
Killer Double Trees 224 - Colour Match-Up
2
Spring Typing Challenge
3
Name Just One - 10 to 1: Just For Fun
4
Crossword Whiteout! 49
5
Zeroing In: Just For Fun
6
Survivor Winners Logic Puzzle
7
Word Ladder: Ahoy Matey
8
Word Ladder: Wilderness Weapon
9
Harry Potter Logic - 'In Chains' II
10
Kyle's 122nd Triple Trees
Explore More
Trending Topics
Harry Potter
Kpop
Disney
NBA
Crossword
Marvel
Anime
Country
Puzzle
NFL
Soccer
WWE
Song
Pokémon
The Office
hide this ad
More By:
Shocky
Quiz
Plays
Rating
Category
Featured
Created
Horrid Henry Books
630
5.00
Literature
Jan 9, 2010
Characters in Captain Underpants
268
3.00
Just For Fun
May 9, 2011
Roald Dahl Books
82
4.50
Just For Fun
May 8, 2011
Go to Creator's Profile
Score Distribution
Quiz Creator Spotlight
Shocky
Follow
Send a Message
Quizzes Created
-
Created Quiz Play Count
-
More By This Creator
Popular Quizzes Today
1
Find the US States - No Outlines Minefield
2
Find the Countries of Europe - No Outlines Minefield
3
The Countries of the World
4
Find the US States
5
Risky Map Clicking: Biggest States A-Z
6
US States
7
Popular People in 1961
8
Movies - When Are They Set?
More Just For Fun Quizzes
Word Ladder: Birthday of the Great White North
Curator's Pick
Trending Quizzes
Risky Map Clicking: Least Populous States A-Z
1-10 Letter G Words
1-10 Letter F Words
Risky Map Clicking: Next State Alphabetically
Adjectives in 80s TV Shows
Recently Updated
Leaping Animals
pecheneg
Reality TV Shows (A-Z)
bhenderson79
Rickey Henderson's Hall of Fame Teammates
pecheneg
Champions League XIs: Arsenal
pecheneg
Quick Pick: Celebrities in WWE's Hall of Fame
aduchscher
A-Z Keypad Blitz II
pecheneg
Multiple Oscar Actors
pecheneg
Mystery Phrase Blitz: Oscar 'Best Actors'
pecheneg
F. Scott Fitzgerald Novels
LTH
Pick 3 Villains
ddd62291
Trending Topics
NBA
Harry Potter
Marvel
Anime
Disney
Crossword
Kpop
NFL
Song
WWE
Pokémon
Puzzle
The Office
Soccer
Country
Your Account Isn't Verified!
In order to create a playlist on Sporcle, you need to verify the email address you used during registration. Go to your
Sporcle Settings
to finish the process.
Report this User
Report this user for behavior that violates our
Community Guidelines
.
Details:
Send Report
Go to the Sporcle.com Mobile Site →
Comments